000 01040nam a2200241 i 4500
001 182494
003 ES-MaACL
005 20250623173238.0
008 130909s2003 sp | |||| ||spa d
020 _a84-932704-4-X
080 _a75 Zurbarán, Francisco de
080 _a929 Gasso, Francisco José
100 1 _aLuna Pérez de Villar, Antonia.
_9153360
245 1 0 _aFrancisco José Gasso, primer nieto de Zurbarán
_b: aportes documentales a su biografía e imagen : algunos aspectos de la infancia en las obras del maestro extremeño /
_cAntonia Luna Pérez de Villar.
260 _a[Badajoz] :
_bServicio de Publicaciones del Ayuntamiento de Badajoz,
_c[2003]
300 _a91 p. :
_bil. col. ;
_c25 cm.
600 1 4 _aZurbarán, Francisco de,
_d1598-1664
_9240980
600 1 4 _aGasso, Francisco José.
_9153361
852 _aES-MaACL
_jA-12886
_9189406
_bR.149781
_cDEPO1
_dOlim: N-5886
_xDonación: Real Academia Española
914 _96336
_aReal Academia Española
_ednr
942 _2udc
_cMONOGRAFIA
999 _c182494
_d182494